| 000 | 00608nam a22001937a 4500 | ||
|---|---|---|---|
| 999 |
_c7382 _d7382 |
||
| 005 | 20211021111718.0 | ||
| 008 | 211021b ||||| |||| 00| 0 eng d | ||
| 020 | _a9788441543256 | ||
| 040 | _aCDMR | ||
| 100 |
_94681 _aIvars, Ana |
||
| 245 |
_aPublicidad en Facebook e Instagram _b: curso práctico para crear anuncios que venden _c/ Ana Ivars |
||
| 260 |
_aMadrid _b: Anaya _c, 2021 |
||
| 300 |
_a327 pàgines _b: il·lustracions i gràfiques _c; 24 cm |
||
| 490 | _aSocial Business | ||
| 650 | 0 |
_91455 _aPublicitat audiovisual |
|
| 650 | 0 |
_94682 _aFacebook |
|
| 650 | 0 |
_94683 _aInstagram |
|
| 942 |
_2udc _cMON |
||